| 000 -LEADER |
| fixed length control field |
01398cam a2200349 i 4500 |
| 003 - CONTROL NUMBER IDENTIFIER |
| control field |
OSt |
| 005 - DATE AND TIME OF LATEST TRANSACTION |
| control field |
20240705171801.0 |
| 008 - FIXED-LENGTH DATA ELEMENTS--GENERAL INFORMATION |
| fixed length control field |
210803s2019 ko ab c l000 0 eng d |
| 020 ## - INTERNATIONAL STANDARD BOOK NUMBER |
| International Standard Book Number |
9791161617312 |
| Qualifying information |
paperback |
| 041 0# - LANGUAGE CODE |
| Language code of text/sound track or separate title |
eng |
| -- |
kor |
| 042 ## - AUTHENTICATION CODE |
| Authentication code |
lccopycat |
| 043 ## - GEOGRAPHIC AREA CODE |
| Geographic area code |
a-ko--- |
| 082 04 - DEWEY DECIMAL CLASSIFICATION NUMBER |
| Classification number |
711/.4095195 |
| Edition number |
23 |
| 130 0# - MAIN ENTRY--UNIFORM TITLE |
| Uniform title |
Superground underground (Seoul (Korea)) |
| 245 10 - TITLE STATEMENT |
| Title |
Superground underground : |
| Remainder of title |
Seoul new groundscapes = Syup'ŏ kŭraundŭ ŏndŏ kŭraundŭ : Sŏul saeroun ttang ŭi p'unggyŏng / |
| Statement of responsibility, etc |
curated by Young Joon Kim and Manuel Gausa. |
| 246 31 - VARYING FORM OF TITLE |
| Title proper/short title |
Syup'ŏ kŭraundŭ ŏndŏ kŭraundŭ : Sŏul saeroun ttang ŭi p'unggyŏng |
| 300 ## - PHYSICAL DESCRIPTION |
| Extent |
386 pages : |
| Other physical details |
illustrations (some color), maps (some color) ; |
| Dimensions |
26 cm |
| 500 ## - GENERAL NOTE |
| General note |
Presents works exhibited in May and October 2018. |
| 546 ## - LANGUAGE NOTE |
| Language note |
In English and Korean. |
| 650 #0 - SUBJECT ADDED ENTRY--TOPICAL TERM |
| Topical term or geographic name as entry element |
City planning |
| Geographic subdivision |
Korea (South) |
| -- |
Seoul |
| Form subdivision |
Exhibitions. |
| 650 #0 - SUBJECT ADDED ENTRY--TOPICAL TERM |
| Topical term or geographic name as entry element |
Underground architecture |
| Geographic subdivision |
Korea (South) |
| -- |
Seoul |
| Form subdivision |
Exhibitions. |
| 650 #7 - SUBJECT ADDED ENTRY--TOPICAL TERM |
| Topical term or geographic name as entry element |
City planning. |
| Source of heading or term |
fast |
| 650 #7 - SUBJECT ADDED ENTRY--TOPICAL TERM |
| Topical term or geographic name as entry element |
Underground architecture. |
| Source of heading or term |
fast |
| 651 #7 - SUBJECT ADDED ENTRY--GEOGRAPHIC NAME |
| Geographic name |
Korea (South) |
| Geographic subdivision |
Seoul. |
| Source of heading or term |
fast |
| 655 07 - INDEX TERM--GENRE/FORM |
| Genre/form data or focus term |
Exhibition catalogs. |
| Facet/hierarchy designation |
v |
| Source of term |
aat |
| 655 #7 - INDEX TERM--GENRE/FORM |
| Genre/form data or focus term |
Exhibition catalogs. |
| Source of term |
fast |
| 700 1# - ADDED ENTRY--PERSONAL NAME |
| Personal name |
Kim, Yŏng-jun, |
| Dates associated with a name |
1960- |
| Relator term |
editor. |
| 700 1# - ADDED ENTRY--PERSONAL NAME |
| Personal name |
Gausa, Manuel, |
| Relator term |
curator, |
| -- |
editor. |
| 730 02 - ADDED ENTRY--UNIFORM TITLE |
| Uniform title |
Superground underground. |
| 730 02 - ADDED ENTRY--UNIFORM TITLE |
| Uniform title |
Superground underground. |
| Language of a work |
English. |
| 942 ## - ADDED ENTRY ELEMENTS (KOHA) |
| Source of classification or shelving scheme |
|